Lo religioso en la universidad : sus esquemas pedagógicos, intelectuales y vitales /
Salvato in:
| Autore principale: | |
|---|---|
| Natura: | Libro |
| Lingua: | spagnolo |
| Pubblicazione: |
Barcelona, España :
Juan Flors,
1959
|
| Soggetti: | |
| Tags: |
Nessun Tag, puoi essere il primo ad aggiungerne!!
|
MARC
| LEADER | 00000nam^a2200000^a^4500 | ||
|---|---|---|---|
| 001 | 000006291 | ||
| 005 | 20250521000000.0 | ||
| 009 | 20260310083419.095 | ||
| 037 | |a Acervo ITESO - Biblioteca | ||
| 041 | |a ESP | ||
| 082 | |a 253. |b LOP | ||
| 100 | |a López Medel, Jesús |e (autor) | ||
| 245 | 1 | 3 | |a Lo religioso en la universidad : |b sus esquemas pedagógicos, intelectuales y vitales / |c J. López Medel. |
| 264 | 1 | |a Barcelona, España : |b Juan Flors, |c 1959 | |
| 300 | |a 333 p. | ||
| 336 | |a texto |b txt |2 rdacontenido | ||
| 337 | |a sin mediación |b n |2 rdamedio | ||
| 338 | |a volumen |b nc |2 rdasoporte | ||
| 649 | |a XX | ||
| 650 | |a Religión | ||
| 910 | |a Fondo General | ||
| 920 | |a Impresos - Libros | ||
| 930 | |a Colección General | ||
| 905 | |a 101 | ||
| 901 | |a 0062910100 |b IT1 |c ACC |i 006291 |u 20250521 | ||
| 902 | |a https://opac.biblio.iteso.mx/vufind/Record/000006291 | ||